| 000 | 01047nam a2200277 a 4500 | ||
|---|---|---|---|
| 001 | 39825 | ||
| 003 | BD-RjUL | ||
| 005 | 20211209053051.0 | ||
| 008 | 160418m20142013ii |||| b||| 00| 0 ben d | ||
| 020 |
_a97829519160 (V-1) _c: IRs.130.00 |
||
| 020 |
_a9788129521767 (V-2) _c: IRs.130.00 |
||
| 035 | _a(BD-RjUL) | ||
| 040 |
_aBD-RjUL _bben _cBD-RjUL |
||
| 041 | _aben | ||
| 082 |
_223 _a491.445 _bBIP 2013-2014 |
||
| 100 |
_aবিশ্বাস, সুখেন _9122559 |
||
| 245 | 1 | 0 |
_aপ্রসঙ্গ : _bবাংলা ভাষা / _cসুখেন বিশ্বাস |
| 250 | _aদে'জ সং. | ||
| 260 |
_aকলকাতা : _bদে'জ পাবলিশিং, _c২০১৩-২০১৪ |
||
| 300 |
_a২ খন্ড ; _c২২ সেমি. |
||
| 504 | _aগ্রন্থপঞ্জি সংযুক্ত | ||
| 505 | _aখন্ড ১ -- খন্ড ২ -- | ||
| 650 |
_aবাংলা ভাষা _9122674 _vব্যাকরণ |
||
| 650 |
_aBengali Language _9122675 _vGrammar |
||
| 942 |
_2ddc _cBK |
||
| 999 |
_c39825 _d39825 |
||